Preventing and managing electoral conflict and violence: conflict management committees of the Electoral Commission of Zambia (Record no. 77042)

MARC details
000 -LEADER
fixed length control field 00830nam a2200169 a 4500
008 - FIXED-LENGTH DATA ELEMENTS--GENERAL INFORMATION
fixed length control field 160923s2014 ||||||||||||||||| || u
050 ## - LIBRARY OF CONGRESS CALL NUMBER
Classification number CBU-PG THESIS/MWE
100 ## - MAIN ENTRY--PERSONAL NAME
Personal name Mwebela, Fredrick
245 10 - TITLE STATEMENT
Title Preventing and managing electoral conflict and violence: conflict management committees of the Electoral Commission of Zambia
Statement of responsibility, etc. by Fredrick Mwebela
260 ## - PUBLICATION, DISTRIBUTION, ETC.
Place of publication, distribution, etc. Kitwe
Name of publisher, distributor, etc. Copperbelt University
Date of publication, distribution, etc. 2014
300 ## - PHYSICAL DESCRIPTION
Extent vii, 102p.: ill.
500 ## - GENERAL NOTE
General note Bibliography
650 ## - SUBJECT ADDED ENTRY--TOPICAL TERM
Topical term or geographic name entry element ELECTIONS DISPUTES--ZAMBIA
650 ## - SUBJECT ADDED ENTRY--TOPICAL TERM
Topical term or geographic name entry element POLITICAL VIOLENCE--ZAMBIA
995 ## -
-- SPECIAL COLLECTIONS
-- 746614
-- CBU-MAIN LIBRARY (Kitwe)
-- CBU-PG THESIS/MWE
-- 1
-- AVAILABLE
-- Sep 23, 2016
-- 746614
-- University Collection
995 ## -
-- SPECIAL COLLECTIONS
-- 4489
-- CBU-MAIN LIBRARY (Kitwe)
-- CBU-PG THESIS/MWE
-- 2
-- AVAILABLE
-- Jun 8, 2021
-- B4489
-- University Collection
999 ## -
-- 77042
-- 77042
Holdings
Withdrawn status Lost status Source of classification or shelving scheme Damaged status Not for loan Permanent Location Current Location Shelving location Date acquired Total Checkouts Full call number Barcode Date last seen Copy number Price effective from Koha item type
          CBU-MAIN LIBRARY, KITWE. CBU-MAIN LIBRARY, KITWE.   04/25/2023   CBU-PG THESIS/MWE 746614 04/25/2023 1 04/25/2023 SPECIAL COLLECTION
          CBU-MAIN LIBRARY, KITWE. CBU-MAIN LIBRARY, KITWE.   04/25/2023   CBU-PG THESIS/MWE B4489 04/25/2023 2 04/25/2023 SPECIAL COLLECTION